logo

Bir Sreshtho Munshi Abdur Rouf Library
Jhenaidah Cadet College

Visions and revisions : (Record no. 8813)

MARC details
000 -LEADER
fixed length control field 00744cam a2200265 a 4500
001 - CONTROL NUMBER
JCCL Control Number 8813
003 - CONTROL NUMBER IDENTIFIER
JCCL marc code BD-JhCC
005 - DATE AND TIME OF LATEST TRANSACTION
control field 20180709121327.0
008 - FIXED-LENGTH DATA ELEMENTS--GENERAL INFORMATION
fixed length control field 000207s1991 ph b 00000 eng
020 ## - INTERNATIONAL STANDARD BOOK NUMBER
International Standard Book Number 0833213210
035 ## - SYSTEM CONTROL NUMBER
system control number (BD-JhCC)
040 ## - CATALOGING SOURCE
Original cataloging agency ANL
Modifying agency ANL
-- (BD-JhCC)8813
041 ## - LANGUAGE CODE
Language code of Book eng
050 00 - LIBRARY OF CONGRESS CALL NUMBER
Classification number LA1292
Item number .D588 1991
082 ## - DEWEY DECIMAL CLASSIFICATION NUMBER
Author mark and Year VIS 1980
Classification number 809
100 1# - MAIN ENTRY--PERSONAL NAME
Personal name Dizon, Rolando R.
245 10 - TITLE STATEMENT
Title Visions and revisions :
Remainder of title key to reading /
Statement of responsibility, etc Louise Matteoni ...[et.al].
260 ## - PUBLICATION, DISTRIBUTION, ETC. (IMPRINT)
Place of publication, distribution, etc Quezon City :
Name of publisher, distributor, etc Phoenix Pub. House,
Date of publication, distribution, etc c1991.
300 ## - PHYSICAL DESCRIPTION
Pagination xi, 93 p. ;
Dimensions 22 cm.
504 ## - BIBLIOGRAPHY, ETC. NOTE
Bibliography, etc Includes bibliographical references.
650 #0 - SUBJECT ADDED ENTRY--TOPICAL TERM
Topical term or geographic name as entry element Education
Geographic subdivision Philippines.
700 ## - ADDED ENTRY--PERSONAL NAME
Personal name Matteoni, Louise
942 ## - ADDED ENTRY ELEMENTS (KOHA)
Source of classification or shelving scheme Dewey Decimal Classification
Koha item type Books
Holdings
Source of classification or shelving scheme Damaged status Not for loan Home library Current library Shelving location Total Checkouts Full call number Barcode Date last seen Copy number Koha item type
Dewey Decimal Classification     JCC Rouf Library JCC Rouf Library General Stacks   809 VIS 1980 11755 03/04/2018 C - 1 Books

JCC Library | Contacts | JCC Home

Last Update on 23 September 2017
Copyright @ 2017-2020 JCC Rouf Library
Rouf Library, Jhenidah Cadet College (JCC), Bangladesh